000
00185nam a2200085Ia 4500
008
120527s9999 xx 000 0 und d
100
_a
Hyman, N. David
245
_a
Economics
942
_c
BK
999
_c
27208
_d
27208